LEADER 01445nam 2200349 n 450 001 996387024303316 005 20221108091857.0 035 $a(CKB)1000000000619845 035 $a(EEBO)2240912619 035 $a(UnM)99837914 035 $a(EXLCZ)991000000000619845 100 $a19901019d1614 uy | 101 0 $aeng 135 $aurbn||||a|bb| 200 12$aA catalogue of diuers visible professors of the Catholike faith$b[electronic resource] $eWhich sheweth, that the Roman Church hath byn (as the true Church must be) continually visible, in all ages since Christ. Taken out of the appendix to the Reply of A.D. vnto M. Ant. Wotton, and M. Ioh. White ministers 210 $a[Saint-Omer $cEnglish College Press] Permissu superiorum$dM.DC.XIV. [1614] 215 $a15, [1] leaves 300 $aAn excerpt from "A reply made unto Mr. Anthony Wotton and Mr. John White ministers" by John Fisher. 300 $aPlace of publication and identification of printer from STC. 300 $aReproduction of the original in the British Library. 330 $aeebo-0018 606 $aCatholics$vEarly works to 1800 615 0$aCatholics 700 $aFisher$b John$f1569-1641.$01007703 801 0$bCu-RivES 801 1$bCu-RivES 801 2$bCStRLIN 801 2$bWaOLN 906 $aBOOK 912 $a996387024303316 996 $aA catalogue of diuers visible professors of the Catholike faith$92390404 997 $aUNISA LEADER 01937oam 2200553M 450 001 9910716167103321 005 20200213070916.9 035 $a(CKB)5470000002518443 035 $a(OCoLC)1065604235 035 $a(OCoLC)995470000002518443 035 $a(EXLCZ)995470000002518443 100 $a20071213d1926 ua 0 101 0 $aeng 135 $aurcn||||||||| 181 $ctxt$2rdacontent 182 $cc$2rdamedia 183 $acr$2rdacarrier 200 10$aRichard Brannan. June 25, 1926. -- Committed to the Committee of the Whole House and ordered to be printed 210 1$a[Washington, D.C.] :$c[U.S. Government Printing Office],$d1926. 215 $a1 online resource (3 pages) 225 1 $aHouse report / 69th Congress, 1st session. House ;$vno. 1548 225 1 $a[United States congressional serial set ] ;$v[serial no. 8537] 300 $aBatch processed record: Metadata reviewed, not verified. Some fields updated by batch processes. 300 $aFDLP item number not assigned. 606 $aClaims 606 $aLegislative amendments 606 $aMilitary offenses 606 $aNaval offenses 606 $aSpanish-American War, 1898 606 $aArmed Forces$xOfficers 607 $aPhilippines$xHistory$yRevolution, 1896-1898 608 $aLegislative materials.$2lcgft 615 0$aClaims. 615 0$aLegislative amendments. 615 0$aMilitary offenses. 615 0$aNaval offenses. 615 0$aSpanish-American War, 1898. 615 0$aArmed Forces$xOfficers. 701 $aJohnson$b Noble Jacob$f1887-1968$pRepublican (IN)$01386183 801 0$bWYU 801 1$bWYU 801 2$bOCLCO 801 2$bOCLCQ 801 2$bOCLCO 801 2$bOCLCQ 906 $aBOOK 912 $a9910716167103321 996 $aRichard Brannan. June 25, 1926. -- Committed to the Committee of the Whole House and ordered to be printed$93526171 997 $aUNINA